| 000 | 00000nam 2200000za 4500 |
| 001 | 9.602004 |
| 003 | CaOODSP |
| 005 | 20210624210340 |
| 007 | cr ||||||||||| |
| 008 | 150406|2000||||xxc|||||o f|0| 0 fre d |
| 040 | |aCaOODSP|bfre |
| 043 | |an-cn--- |
| 086 | 1 |aCC173-3/2-219F-PDF |
| 110 | 2 |aCommission canadienne de sûreté nucléaire. |
| 245 | 10|aLes plans de déclassement des activités autorisées |h[ressource électronique] |
| 260 | |aOttawa - Ontario : |bCommission canadienne de sûreté nucléaire |cJuin 2000. |
| 300 | |a35p.|bglossaire |
| 490 | 1 |aGuide d'application de la réglementation |vG-219 |
| 500 | |aLe n° de catalogue (CC173-3/2-219F) et l'ISBN (0-662-84863-2) de l'édition imprimée ont été incorrectement copiés dans l'édition électronique. |
| 590 | |a11-14-Supp|b2011-08-12 |
| 775 | 08|tDecommissioning planning for licensed activities |w(CaOODSP)9.571390 |
| 776 | 0#|tLes plans de déclassement des activités autorisées |w(CaOODSP)9.625369 |
| 794 | |tDéclassement.|w(CaOODSP)9.894978 |
| 830 | #0|aGuide d'application de la réglementation ;|vG-219|w(CaOODSP)9.501114 |
| 856 | 40|ahttp://publications.gc.ca|qPDF|s219 Ko|uhttps://publications.gc.ca/collections/Collection/CC173-3-2-219F.pdf|yG-219 |